| 000 | 00515nam a2200157 i 4500 | ||
|---|---|---|---|
| 001 | 69712 | ||
| 003 | ES-MaACL | ||
| 005 | 20230906170605.0 | ||
| 007 | t| | ||
| 008 | 040709s1970 sp ||||1| spa d | ||
| 100 | 1 |
_aGarcía y García de la Torre, José Manuel. _955438 |
|
| 245 | 1 | 0 |
_aProblemática sociobiológica de la juventud / _cJosé Manuel G. y García de la Torre. |
| 260 |
_aBarcelona, etc. : _bEd. Científico-Médica, _c1970. |
||
| 300 |
_aXVI, 264 p. ; _c22 cm. |
||
| 852 |
_aES-MaACL _jC-39104 _bR.75754 |
||
| 999 |
_c69712 _d69712 |
||